Health financing and delivery in Vietnam : (Record no. 14118)

000 -LEADER
fixed length control field 00956cam a22003254a 4500
020 ## - INTERNATIONAL STANDARD BOOK NUMBER
ISBN 9780821377826 (alk. paper)
020 ## - INTERNATIONAL STANDARD BOOK NUMBER
ISBN 0821377825 (alk. paper)
020 ## - INTERNATIONAL STANDARD BOOK NUMBER
ISBN 9780821377833 (eISBN)
020 ## - INTERNATIONAL STANDARD BOOK NUMBER
ISBN 0821377833 (eISBN)
040 ## - CATALOGING SOURCE
Transcribing agency DLC
082 00 - DEWEY DECIMAL CLASSIFICATION NUMBER
Classification number 362 WOR 2009 A066 Or.
100 1# - MAIN ENTRY--AUTHOR NAME
Personal name Lieberman, Samuel S.
245 10 - TITLE STATEMENT
Title Health financing and delivery in Vietnam :
Remainder of title looking forward /
260 ## - PUBLICATION, DISTRIBUTION, ETC. (IMPRINT)
Place of publication Washington, DC :
Name of publisher World Bank,
Year of publication c2009.
300 ## - PHYSICAL DESCRIPTION
Number of Pages xi, 171 p. :
Other physical details ill. ;
Dimensions 23 cm.
490 1# - SERIES STATEMENT
Series statement Health, nutrition, and population series
650 #0 - SUBJECT ADDED ENTRY--TOPICAL TERM
Topical Term Health insurance
650 #0 - SUBJECT ADDED ENTRY--TOPICAL TERM
Topical Term Medical care
650 #0 - SUBJECT ADDED ENTRY--TOPICAL TERM
Topical Term Health care reform
650 #0 - SUBJECT ADDED ENTRY--TOPICAL TERM
Topical Term Medical policy
650 12 - SUBJECT ADDED ENTRY--TOPICAL TERM
Topical Term Delivery of Health Care
650 22 - SUBJECT ADDED ENTRY--TOPICAL TERM
Topical Term Health Care Costs
650 22 - SUBJECT ADDED ENTRY--TOPICAL TERM
Topical Term Health Care Reform
650 22 - SUBJECT ADDED ENTRY--TOPICAL TERM
Topical Term Health Expenditures
650 22 - SUBJECT ADDED ENTRY--TOPICAL TERM
Topical Term Health Policy
650 22 - SUBJECT ADDED ENTRY--TOPICAL TERM
Topical Term Insurance, Health
700 1# - ADDED ENTRY--PERSONAL NAME
Personal name Wagstaff, Adam.
710 2# - ADDED ENTRY--CORPORATE NAME
Corporate name or jurisdiction name as entry element World Bank.
942 ## - ADDED ENTRY ELEMENTS (KOHA)
Koha item type សៀវភៅភាសាអង់គ្លេស
952 ## - LOCATION AND ITEM INFORMATION (KOHA)
Withdrawn status [LOCAL, KOHA] 0
Holdings
Permanent Location Date acquired Koha item type Lost status Shelving location Barcode Current Location Full call number
Library Block A2017-10-06សៀវភៅភាសាអង់គ្លេស A066A22559Library Block A362 WOR 2009 A066 Or.
មជ្ឈមណ្ឌលឯការនៃសាកលវិទ្យាល័យភូមិន្ទកសិកម្មចំការដូង

Powered by Koha